1985 1190 1717 1416 1065 1974 1730 1320 1860 1534 1555 1576 1570 1061 1630 1118 1499 1990 1017 1404 1164 1042 1642 1896 1486 1485 1846 1267 1664 1553 1820 1909 1980 1534 1304 1080 1316 1361 1486 1460 1688 1012 1005 1949 1609 1963 1172 1746 1769 1148 1217 1540 1351 1492 1159 1809 1897 1381 1100 1571 1831 1137 1405 1154 1164 1246 1531 1916 1688 1720 1358 1695 1350 1156 1405 1160 1261 1238 1182 1839 1695 1728 1872 1108 1049 1407 1357 1662 1177 1157 1546 1818 1616 1472 1448 1143 1396 1368 1514 BCNSPRNW ULIB Ver.6.0+V

เปลี่ยนเป็นภาษาไทย

Change to English
 แสดงรายละเอียดบรรณานุกรม
  กลับหน้าหลัก

Brief Record : Get Marc (ISO 2709) : E-mail record : QR code < ปิดหน้าต่าง
LEADER : 00000nam 2200000uu 4500
001    13399126079
003     ULIB
008    180525s2556||||th 000 0 tha d
020    ^a9786169136729
040    ^absi
060 04 ^aWB537^bร399
245 00 ^aร่างกายมนุษย์ =^bHuman body /^cกองบรรณาธิการ, ประพจน์ เภตรากาศ... [และคนอื่นๆ]
246 31 ^aHuman body
250    ^aพิมพ์ครั้งที่ 1
260    ^aกรุงเทพฯ :^bมูลนิธิสาธารณสุขกับการพัฒนา,^c2556
300    ^a(12), 139 หน้า :^bภาพประกอบ ;^c26 ซม.
500    ^aร่างกายมนุษย์ เป็นตำราพื้นฐานในการฝึกอบรมหลักสูตรวิชาชีพการนวดไทยตามกฎหมายว่าด้วยวิชาชีพการแพทยืแผนไทย
650  4 ^aกายวิภาคศาสตร์มนุษย์
650  4 ^aการนวด
700 0  ^aประพจน์ เภตรากาศ,^eบรรณาธิการ
710 2  ^aมูลนิธิสาธารณสุขกับการพัฒนา
710 2  ^aมูลนิธิพัฒนาการแพทย์แผนไทย
710 2  ^aมูลนิธิเพื่อเด็กพิการ
945    ^p200^l0^i004078
945    ^p200^l0^i004074
945    ^p200^l0^i004077
945    ^p200^l0^i004076
945    ^p200^l0^i004075
999    ^aวิลาวรรณ์ สายภักดี
รายการนี้ยังไม่มีแท็ก
คุณยังไม่ได้ล็อกอิน คุณสามารถมีกิจกรรมร่วมกับเว็บไซต์ได้ แต่ต้องล็อกอินก่อน ::
  ล็อกอิน

รายการสื่อสารสนเทศ

ลำดับที่ ประเภท เลขเรียก/บาร์โค้ด สถานที่ สถานะ
1. หนังสือสำรอง
หนังสือสำรอง
WB537 ร399 ฉ.1 
  Barcode: 004074
ห้องสมุดวิทยาเขตสวรรค์ประชารักษ์
►ส่วนจัดเก็บหนังสือเก่า สปร
บนชั้น
  ขอยืม
2. วิทยาศาสตร์การแพทย์ และสุขภาพ
วิทยาศาสตร์การแพทย์ และสุขภาพ
WB537 ร399 ฉ.2 
  Barcode: 004075
ห้องสมุดวิทยาเขตสวรรค์ประชารักษ์
►ส่วนจัดเก็บหนังสือเก่า สปร
บนชั้น
  ขอยืม
3. วิทยาศาสตร์การแพทย์ และสุขภาพ
วิทยาศาสตร์การแพทย์ และสุขภาพ
WB537 ร399 ฉ.3 
  Barcode: 004076
ห้องสมุดวิทยาเขตสวรรค์ประชารักษ์
►ส่วนจัดเก็บหนังสือเก่า สปร
บนชั้น
  ขอยืม
4. วิทยาศาสตร์การแพทย์ และสุขภาพ
วิทยาศาสตร์การแพทย์ และสุขภาพ
WB537 ร399 ฉ.4 
  Barcode: 004077
ห้องสมุดวิทยาเขตสวรรค์ประชารักษ์
►ส่วนจัดเก็บหนังสือเก่า สปร
บนชั้น
  ขอยืม
5. วิทยาศาสตร์การแพทย์ และสุขภาพ
วิทยาศาสตร์การแพทย์ และสุขภาพ
WB537 ร399 ฉ.5 
  Barcode: 004078
ห้องสมุดวิทยาเขตสวรรค์ประชารักษ์
►ส่วนจัดเก็บหนังสือเก่า สปร
บนชั้น
  ขอยืม

รายการใกล้เคียง
    หัวเรื่อง [กายวิภาคศาสตร์มนุษย์]
    หัวเรื่อง [การนวด]

BibComment


ยังไม่เคยถูกคอมเมนท์

คอมเมนท์ทรัพยากรรายการนี้
  คอมเมนท์: ร่างกายมนุษย์ H..


 Copyright 2026. Bcnsprnw @Library